| 000 | 01096nam a2200277Ia 4500 | ||
|---|---|---|---|
| 003 | OSt | ||
| 005 | 20221005105218.0 | ||
| 006 | a|||||r|||| 00| 0 | ||
| 007 | ta | ||
| 008 | 221004b |||||||| |||| 00| 0 hin d | ||
| 020 |
_a9788177421446 (hbk) _c700 |
||
| 024 | _a24123 | ||
| 037 |
_b61, 30/12/2015, Mallika Books _cTextual |
||
| 040 |
_aCRL _cCRL _bhin |
||
| 041 |
_2hin _ahin |
||
| 082 | _aQ41x7,1, 152Q5 | ||
| 100 | _aउज्ज्वल कुमार | ||
| 245 | 0 |
_aलोकनीति _b देवनागरी संस्करण एवं हिन्दी अनुवाद |
|
| 246 | _aLokanīti: devanāgarī sanskaraṇ evan hindī anuvāda | ||
| 260 |
_aनई दिल्ली _bआदित्य प्रकाशन भारत _c2015 |
||
| 300 |
_a209पृ0 _ccm. |
||
| 490 | _aपालि नीति साहित्य ग्रन्थमाला; 1 | ||
| 650 | _aधर्म | ||
| 942 |
_hQ41x7,1, 152Q5 _cTEXL _2cc |
||
| 999 |
_c1015143 _d1015143 |
||